| 000 | 01020nam a22002777a 4500 | ||
|---|---|---|---|
| 001 | 9416 | ||
| 003 | FISKH | ||
| 005 | 20260106105030.0 | ||
| 008 | 260106b cb ||||| |||| 00| 0 eng d | ||
| 020 | _a9789386410511 | ||
| 040 |
_aFISKH _beng _cFISKH _dFISKH |
||
| 050 | _aPZ7 | ||
| 082 | _a599.36 | ||
| 100 |
_aAnonymous _eAuthor |
||
| 245 | _aIt's me a rabbit / | ||
| 260 |
_aNew Delhi : _bOm Books International , _c2019 |
||
| 300 |
_a24 pages : _bpictures ; _c28 cm |
||
| 505 | _aN | ||
| 520 | _aWhy do rabbits have long ears? Where do rabbits live? Why are rabbits easy to scare? How do rabbits communicate with each other? This is the perfect book for children who wish to know the answers to these questions and discover the uniqueness of these cute and fury creatures. This brilliant book also includes fun activities. | ||
| 521 | 8 |
_a550
_bLexile estimate |
|
| 521 | 8 |
_aN
_bRaz-Plus |
|
| 650 |
_aFacts _vRabbit |
||
| 650 |
_aUniqueness _vFury creature |
||
| 942 |
_2ddc _cBK _n0 |
||
| 999 |
_c9416 _d9416 |
||